Normal view
MARC view
- تاليف طبانة،بدوي
Entry Personal Name
001 - CONTROL NUMBER
- control field: 42407
003 - CONTROL NUMBER IDENTIFIER
- control field: JO-AjAnu
005 - DATE AND TIME OF LATEST TRANSACTION
- control field: 20230606081033.0
008 - FIXED-LENGTH DATA ELEMENTS
- fixed length control field: 230606|| aca||aabn | a|a d
040 ## - CATALOGING SOURCE
- Original cataloging agency: JO-AjAnu
- Transcribing agency: JO-AjAnu
100 ## - HEADING--PERSONAL NAME
- Personal name: تاليف طبانة،بدوي
670 ## - SOURCE DATA FOUND
- Source citation: Work cat.: (JO-AjAnu)21724: تاليف طبانة،بدوي, author, التيارات المعاصرة في النقد الأدبي